Robin Williams Movies by Picture (Click) - Statistics

General Stats
  • This quiz has been taken 114 times
    44 since last reset
  • The average score is 13 of 25
Answer Stats
Hint Answer % Correct
Mrs. Doubtfire
100%
Night at the Museum
97%
Popeye
91%
Flubber
88%
Good Morning, Vietnam
84%
Hook
84%
Bicentennial Man
81%
Dead Poets Society
78%
Good Will Hunting
78%
Jumanji
78%
Patch Adams
59%
One Hour Photo
50%
Awakenings
38%
Jack
38%
What Dreams May Come
34%
Nine Months
31%
The World According to Garp
28%
Death to Smoochy
25%
The Survivors
25%
The Butler
25%
The Best of Times
19%
Cadillac Man
16%
The Final Cut
16%
Insomnia
13%
The Fisher King
9%
No matching quizzes found
Score Distribution
Percent of People with Each Score
Percentile by Number Answered
Your Score History
You have not taken this quiz since the last reset